House registrations take a dip (Record no. 82564)

MARC details
000 -LEADER
fixed length control field 00737cad a22001935a 4500
001 - CONTROL NUMBER
control field L150575
008 - FIXED-LENGTH DATA ELEMENTS--GENERAL INFORMATION
fixed length control field 100729e2010 xxk 000 0 eng d
035 ## - SYSTEM CONTROL NUMBER
System control number (Sirsi) u150575
041 0# - LANGUAGE CODE
Language code of text/sound track or separate title eng
110 2# - MAIN ENTRY--CORPORATE NAME
Corporate name or jurisdiction name as entry element Housebuilder
245 00 - TITLE STATEMENT
Title House registrations take a dip
Remainder of title NHBC
Medium [electronic resource]
260 ## - PUBLICATION, DISTRIBUTION, ETC.
Date of publication, distribution, etc. 2010
520 ## - SUMMARY, ETC.
Summary, etc. The number of registrations to build new homes in the UK dipped in June 2010, but the figures were still up on June 2009, according to the latest NHBC data.
590 ## - LOCAL NOTE (RLIN)
Local note KA NTK
651 #4 - SUBJECT ADDED ENTRY--GEOGRAPHIC NAME
Geographic name United Kingdom
Chronological subdivision
690 ## - LOCAL SUBJECT ADDED ENTRY--TOPICAL TERM (OCLC, RLIN)
Topical term or geographic name as entry element BUILT ENVIRONMENT-CONSTRUCTION MARKET
856 48 - ELECTRONIC LOCATION AND ACCESS
Uniform Resource Identifier <a href="https://www.house-builder.co.uk/rss/news.php?id=5130">https://www.house-builder.co.uk/rss/news.php?id=5130</a>
Public note View the website free of charge at www.house-builder.co.uk
942 ## - ADDED ENTRY ELEMENTS (KOHA)
Suppress in OPAC 0
Holdings
Withdrawn status Lost status Source of classification or shelving scheme Damaged status Not for loan Home library Current library Shelving location Date acquired Total Checkouts Full call number Barcode Date last seen Copy number Price effective from Koha item type
    Dewey Decimal Classification     Virtual Virtual Online 29/07/2010   ONLINE PUBLICATION 150575-2001 06/08/2019 1 06/08/2019 Book